| 000 | 00000nas 2200000zi 4500 |
| 001 | 9.920431 |
| 003 | CaOODSP |
| 005 | 20231129100508 |
| 006 | m o d f |
| 007 | cr ||||||||||| |
| 008 | 230224d19221922oncar p os f0###a0eng|d |
| 022 | |z0837-9505 |
| 040 | |aCaOODSP|beng|erda|cCaOODSP |
| 041 | 0 |aeng|afre |
| 043 | |an-cn--- |
| 086 | 1 |aCS81-D-20-PDF |
| 245 | 00|aAnnual report on education statistics in Canada / |cDominion of Canada, Dominion Bureau of Statistics. |
| 246 | 13|aRapport annuel statistique de l'instruction publique au Canada |
| 264 | 1|aOttawa : |bDominion Bureau of Statistics, |c1924. |
| 310 | |aAnnual |
| 336 | |atext|btxt|2rdacontent |
| 337 | |acomputer|bc|2rdamedia |
| 338 | |aonline resource|bcr|2rdacarrier |
| 362 | 1 |aBegan with 1922, ceased with 1922. |
| 500 | |aDigitized edition from print [by Statistics Canada]. |
| 546 | |aText in English and French. |
| 580 | |aMerger of: Library statistics of Canada, ISSN 0828-234X; and, Statistical report on education in Canada, ISSN 0837-9491. |
| 580 | |aSplit into: Annual survey of education in Canada; and, Aperçu annuel sur l'instruction publique au Canada, ISSN 0837-9513. |
| 588 | |aDescription based on: 1922. |
| 588 | |aLatest issue consulted: 1922. |
| 650 | 0|aEducation|zCanada|vStatistics|vPeriodicals. |
| 650 | 0|aEducation|zCanada|xStatistics|vPeriodicals. |
| 650 | 0|aEducational surveys|zCanada. |
| 655 | 7|aPeriodicals|2lcgft |
| 710 | 1 |aCanada. |bDominion Bureau of Statistics, |eissuing body. |
| 780 | 00|tStatistical report on education in Canada / |w(CaOODSP)9.920424 |
| 785 | 00|tAnnual survey of education in Canada.|w(CaOODSP)9.920385 |
| 792 | |tAnnual report on education statistics in Canada.|efre|w(CaOODSP)9.920430 |